Statistiques concernant QCM auteurs n°3

Cliquez ici pour prendre le quiz!

Statistiques générales

  • Ce quiz a été pris 107 fois
  • Le résultat moyen est 12 sur 20

Statistiques - réponses

QuestionRéponse% Correct
Dix petits nègresAgatha Christie
95%
Hunger gamesSuzanne Collins
89%
Les malheurs de SophieLa Comtesse de Ségur
82%
L’île au trésorRobert Louis Stevenson
80%
Au revoir là-hautPierre Lemaitre
74%
Stupeur et tremblementsAmélie Nothomb
71%
La CuréeÉmile Zola
70%
CivilizationsLaurent Binet
64%
Les motsJean-Paul Sartre
62%
Sa majesté des mouchesWilliam Golding
58%
DivergenteVeronica Roth
54%
Casse-NoisetteE.T.A. Hoffmann
52%
La vie secrète des écrivainsGuillaume Musso
49%
Le fantôme de CantervilleOscar Wilde
49%
Le Porteur d’histoireAlexis Michalik
47%
Capitale de la douleurPaul Éluard
41%
W ou le souvenir d’enfanceGeorges Perec
40%
Un secretPhilippe Grimbert
27%
Le petit chat est mortXavier de Moulins
25%
A Silent VoiceYoshitoki Oima
21%

Distribution des résultats

Percentile par nombre de réponses

% des personnes avec chaque résultat

Votre développement - résultats

Vous n’avez pas pris ce quiz